00731cam a22002291 4500001001300000003000400013005001700017008004100034010001700075035002000092040001800112042001200130050003200142100002000174245015900194260002300353300003900376500001700415650003100432740002100463999001700484sa 66003945 DLC20260227112239.0890730s1964 io 000 0 ind  asa 66003945  a(OCoLC)23562880 aDLCcMiUdDLC apremarc00aLAW 0 aSoekardono,cR.10aHimpunan kuliah hukum dagang II, dikuliahkan oleh R. Soekardono, 1963-1964, pada tingkat Sardjana II, Fakultas Hukum Guided Course, Universitas Indonesia. a[Djakarta,c1964?] a32, 23, [7], 31 p.billus.c33 cm. aCover title. 0aCommercial lawzIndonesia.0 aHukum dagang II. c69186d69186